000 00390nam a2200157Ia 4500
008 230917s9999||||xx |||||||||||||| ||und||
020 _cRS25
040 _e25187
_aMAIN
041 _aEnglish
082 _a954.02 S23B
100 _aSharma, Mathura Lal
245 0 _aBharat mein Muslim rajya, 1000 AD-1761 AD
260 _aAgra
_bKailash Pustak Sadan
300 _a564 p.
942 _cBK
999 _c176809
_d176809